000
00294nam a22001337a 4500
008
171101b xxu||||| |||| 00| 0 eng d
020
_a
9780965855617
041
_a
eng
080
_2
2 ED
_a
339
100
_a
59
101
_a
TRE
245
_a
MERGER ACQUISITIONS
_c
ALAN.D.G
942
_2
udc
_c
BK
999
_c
37068
_d
37068